Milton Studies

Wedi'i Gadw mewn:
Manylion Llyfryddiaeth
Prif Awdur: Simmonds, James D.
Fformat: Llyfr
Iaith:Undetermined
Cyhoeddwyd: Pittsburgh, Estados Unidos University Press 1977
Pynciau:
Tagiau: Ychwanegu Tag
Dim Tagiau, Byddwch y cyntaf i dagio'r cofnod hwn!

MARC

LEADER 00000nam a2200000Ia 4500
008 170316s9999 xx 000 0 und d
040 |a cru BVZT 
090 |a 820 S-10m 
100 |a Simmonds, James D. 
245 |a Milton Studies 
260 |a Pittsburgh, Estados Unidos 
260 |b University Press 
260 |c 1977 
300 |a 215 páginas 
650 |a LITERATURA INGLESA 
999 |c 7067  |d 7067 
942 |c 15 D  |h 820 S-10m  |2 z